| 000 | 00638nam a2200169 4500 | ||
|---|---|---|---|
| 008 | 041026s1985 ilu b 001 0 eng | ||
| 020 | _a0851104681 :USD9.95 | ||
| 090 |
_aBR305.2 _bJ72g |
||
| 100 | 1 |
_aJones, R. Tudur _q(Robert Tudur) |
|
| 245 | 1 | 4 |
_aThe great Reformation : _bfrom Wyclif to Knox--two centuries that changed the course of history / _cR. Tudur Jones. |
| 260 |
_aDowners Grove, Ill. : _bInterVarsity Press, _cc1985. |
||
| 300 |
_a288 p. ; _c21 cm. |
||
| 500 | _aIncludes index. | ||
| 504 | _aBibliography: p. [262]-269. | ||
| 650 | 4 | _aReformation. | |
| 951 |
_p27765 _x00029294 _oBR305.2/J72g-2 _j070613111420140 _d2000-12-21 _cGC |
||
| 999 |
_c21411 _d21411 |
||